000 00513nam a2200181Ia 4500
001 13313
005 20260306164752.0
008 260306t2016||||xx |||||||||||||| ||spa||
041 _aESP
082 _a001.42
_bO74
100 _aOrtiz Ocaña, Alexander
_eAUT
245 0 _aLa investigación según Niklas Luhmann:
_bepistemología de los sistemas y método sistémico de investigación
260 _c2016
300 _a133 páginas :
_c24 cm.
650 _aGEN
654 _aCHU
942 _cLIB
_dJUS
_fJUS
_2ddc
_n
999 _c13313
_d13313